| 000 | 00794nam a22002651i 4500 | ||
|---|---|---|---|
| 001 | 016314539 | ||
| 003 | OSt | ||
| 005 | 20160824115156.0 | ||
| 008 | 140201t2013 nyua frd 001 0 eng d | ||
| 020 | _a9781259060458 | ||
| 020 | _a1259060454 | ||
| 040 |
_aIiNdDKA _beng _cIiNdDKA _dEG-ScBUE |
||
| 082 | 0 | 4 |
_a339 _222 _bCOL |
| 100 | 1 |
_aColander, David C. _940845 |
|
| 245 | 1 | 0 |
_aMicroeconomics / _cDavid C. Colander. |
| 250 | _a9th ed., McGraw Hill international ed. | ||
| 260 |
_aNew York : _bMcGraw-Hill Irwin, _cc.2013. |
||
| 300 |
_a(various pagings) : _bill. ; _c26 cm. |
||
| 500 | _aIncludes glossary and indexes. | ||
| 650 | 7 |
_aMicroeconomics. _2BUEsh _95599 |
|
| 651 | _2BUEsh | ||
| 653 |
_bBUSADM _cAugust 2016 |
||
| 690 | 7 |
_aManagement and Business Studies _2blcoll |
|
| 942 | _2ddc | ||
| 999 |
_c22219 _d22191 |
||